| 000 | 00000nam 2200000za 4500 |
| 001 | 9.657908 |
| 003 | CaOODSP |
| 005 | 20250121145209 |
| 007 | ta |
| 008 | 150407|1996||||xxc||||| f|0| 0 fre d |
| 020 | |a0-7748-0565-X |
| 040 | |aCaOODSP|bfre |
| 041 | |aeng |
| 041 | |afre |
| 043 | |an-cn--- |
| 086 | 1 |aSN3-302/1996 |
| 110 | 1 |aCanada.|bBibliothèque nationale du Canada. |
| 245 | 10|aOuvrages de référence canadiens: une bibliographie annotée : |bouvrages de référence généraux, histoire, sciences humaines / |cpar Mary E. Bond et Martine M. Caron. |
| 260 | |aOttawa - Ontario : |bBibliothèque nationale du Canada |c1996. |
| 300 | |axvi, 1076p. ; |c27 cm. |
| 500 | |a«Cette bibliographie renvoie à des ouvrages de référence sur le Canada, de présentations et de genres différents. Elle contient des citations annotées à des publications canadiennes et étrangères qui décrivent notamment le peuple canadien, ses institutions, ses organismes, ses publications, ses arts, sa littérature, ses langues et son histoire. Elle exclut les ouvrages publiés par des auteurs canadiens ou autres sur des sujets non canadiens. Les ouvrages énumérés sont généralement publiés et disponibles dans au moins une bibliothèque canadienne.»--Introduction. Données de catalogage avant publication (Canada) imprimées dans cette publication. Publié par UBC Press en collaboration avec la Bibliothèque nationale du Canada et avec Groupe Communication Canada -- Édition. |
| 520 | 3 |aCette bibliographie renvoie à des ouvrages de référence sur le Canada, de présentations et de genres différents. Elle contient des citations annotées à des publications canadiennes et étrangères qui décrivent notamment le peuple canadien, ses institutions, ses organismes, ses publications, ses arts, sa littérature, ses langues et son histoire. Elle exclut les ouvrages publiés par des auteurs canadiens ou autres sur des sujets non canadiens. Les ouvrages énumérés sont généralement publiés et disponibles dans au moins une bibliothèque canadienne.--Introduction |
| 546 | |aBilingue |
| 563 | |aRelié toile |
| 590 | |a96-26|b1996-06-28 |
| 691 | 07|aBibliographie|2gcpds |
| 720 | 1 |aBond, Mary E. |
| 720 | 1 |aCaron, Martine M. |
| 776 | 0#|tCanadian reference sources : |w(CaOODSP)9.947220 |
| 791 | |tCanadian reference sources: an annotated bibliography : |eeng|w(CaOODSP)9.657907 |